[Event "chess.com SpeedChess 2022"]
[Site "chess.com INT"]
[Date "2022.12.09"]
[Round "2.25"]
[White "Nihal, Sarin"]
[Black "Ding, Liren"]
[Result "1/2-1/2"]
[WhiteTitle "GM"]
[BlackTitle "GM"]
[WhiteElo "2670"]
[BlackElo "2811"]
[WhiteFideId "25092340"]
[BlackFideId "8603677"]
[EventDate "2022.11.23"]
[EventType "k.o."]

1. Nf3 d5 2. b3 Bf5 3. Bb2 e6 4. g3 h6 5. Bg2 Nf6 6. d3 Be7 7. O-O O-O 8. Nbd2
Bh7 9. c4 c6 10. a3 a5 11. Qc2 Re8 12. Bc3 Nbd7 13. Qb2 Bd6 14. Ne5 Nxe5 15.
Bxe5 Bf8 16. b4 Nd7 17. Bc3 Qb6 18. Rfb1 axb4 19. axb4 Rec8 20. h3 Qd8 21. b5
Nc5 22. bxc6 bxc6 23. Qc2 Nd7 24. Ra4 Rxa4 25. Qxa4 Nc5 26. Qc2 Nd7 27. Ra1 Ra8
28. Ra2 Bg6 29. Bf3 f6 30. Qb2 Bf7 31. Qa1 Rxa2 32. Qxa2 Qc8 33. h4 Qb7 34. Nb3
e5 35. Na5 Qa8 36. Qa4 Nc5 37. Qxc6 Qxc6 38. Nxc6 dxc4 39. dxc4 Bxc4 40. Kf1 Kf7
41. Na5 Be6 42. Nc6 Bc4 43. Ke1 Ke6 44. Na5 Bb5 45. Nb7 Nxb7 46. Bxb7 h5 47. Be4
f5 48. Bc2 Bc4 49. f3 Bc5 50. Kf1 Be3 51. Be1 1/2-1/2

[Event "chess.com SpeedChess 2022"]
[Site "chess.com INT"]
[Date "2022.12.09"]
[Round "2.26"]
[White "Ding, Liren"]
[Black "Nihal, Sarin"]
[Result "0-1"]
[WhiteTitle "GM"]
[BlackTitle "GM"]
[WhiteElo "2811"]
[BlackElo "2670"]
[WhiteFideId "8603677"]
[BlackFideId "25092340"]
[EventDate "2022.11.23"]
[EventType "k.o."]

1. d4 Nf6 2. c4 g6 3. Nf3 Bg7 4. e3 O-O 5. Be2 d6 6. Nc3 Nbd7 7. O-O e5 8. e4
exd4 9. Nxd4 Re8 10. f3 c6 11. Kh1 Nc5 12. Be3 a5 13. Qd2 Qc7 14. Rad1 Be6 15.
b3 Rad8 16. Bd3 Bc8 17. Bc2 Qe7 18. Bg5 Qc7 19. Qf4 Qe7 20. Qh4 Ncd7 21. Rde1
Qf8 22. Rd1 h6 23. Bc1 Nc5 24. h3 Ne6 25. Nde2 Nd7 26. f4 Nec5 27. f5 g5 28. Qf2
Be5 29. Rde1 Nf6 30. Qf3 Qg7 31. Nd1 b5 32. Ne3 Ba6 33. Rd1 bxc4 34. Nxc4 Bxc4
35. bxc4 h5 36. Nd4 g4 37. Qe3 gxh3 38. Qxh3 Nfxe4 39. Nxc6 Ng3+ 40. Kg1 Ne2+
41. Kh1 Ng3+ 42. Kg1 Nxf1 43. Nxd8 Ng3 44. Nc6 Ne2+ 45. Kh1 Ng3+ 46. Kg1 Ne2+
47. Kh1 Nxc1 48. Rxc1 Qg5 49. Rd1 Kg7 50. Nxe5 Rxe5 51. Rxd6 Re3 52. f6+ Kh6 53.
Rd8 Rxh3+ 54. gxh3 Qc1+ 0-1

[Event "chess.com SpeedChess 2022"]
[Site "chess.com INT"]
[Date "2022.12.09"]
[Round "2.27"]
[White "Nihal, Sarin"]
[Black "Ding, Liren"]
[Result "1-0"]
[WhiteTitle "GM"]
[BlackTitle "GM"]
[WhiteElo "2670"]
[BlackElo "2811"]
[WhiteFideId "25092340"]
[BlackFideId "8603677"]
[EventDate "2022.11.23"]
[EventType "k.o."]

1. e4 e5 2. Nf3 Nc6 3. Bb5 a6 4. Ba4 Nf6 5. O-O Be7 6. d3 b5 7. Bb3 d6 8. a3 Na5
9. Ba2 c5 10. Nc3 Be6 11. Bg5 O-O 12. Bxf6 Bxf6 13. Nd5 g6 14. c3 Bg7 15. Qd2 c4
16. Ne3 Bh6 17. Qe2 cxd3 18. Qxd3 Bxa2 19. Rxa2 Bxe3 20. Qxe3 Nc4 21. Qh6 f6 22.
Rd1 Qc7 23. h4 Qc6 24. b3 Na5 25. Rad2 Nb7 26. Rd5 Rf7 27. R1d3 Nc5 28. Rxd6 Qc7
29. Rd1 Nxe4 30. R6d3 Nxc3 31. Re1 e4 32. Rde3 Raf8 33. Nd4 Qe5 34. Nc6 Qc5 35.
Nb4 a5 36. Nc2 f5 37. b4 axb4 38. Nxb4 f4 39. Rxc3 Qxc3 40. Rxe4 f3 41. Nd5 Qa1+
42. Kh2 fxg2 43. Rg4 g1=Q+ 44. Rxg1 Rxf2+ 45. Kh1 Qe5 46. Rxg6+ hxg6 47. Qxg6+ 1-0

[Event "chess.com SpeedChess 2022"]
[Site "chess.com INT"]
[Date "2022.12.09"]
[Round "2.28"]
[White "Ding, Liren"]
[Black "Nihal, Sarin"]
[Result "0-1"]
[WhiteTitle "GM"]
[BlackTitle "GM"]
[WhiteElo "2811"]
[BlackElo "2670"]
[WhiteFideId "8603677"]
[BlackFideId "25092340"]
[EventDate "2022.11.23"]
[EventType "k.o."]

1. d4 Nf6 2. c4 e6 3. Nf3 d5 4. Nc3 h6 5. e3 Be7 6. b3 O-O 7. Bb2 b6 8. Bd3 Bb7
9. O-O Nbd7 10. Qe2 c5 11. cxd5 Nxd5 12. Nxd5 Bxd5 13. Rfd1 Rc8 14. Ba6 Rc7 15.
e4 Ba8 16. dxc5 Bxc5 17. Be5 Nxe5 18. Rxd8 Nxf3+ 19. Qxf3 Rxd8 20. Rd1 Rcd7 21.
Rxd7 Rxd7 22. Bd3 f5 23. h4 Rf7 24. Bc4 fxe4 25. Qg4 Bd5 26. Bxd5 exd5 27. Qe6
Bxf2+ 28. Kf1 Bxh4+ 29. Ke2 Bg5 30. Qxd5 e3 31. Qe6 Kf8 32. Qc8+ Ke7 33. Qc7+
Kf8 34. Qc8+ Ke7 35. Qc7+ Kf6 36. Qd6+ Kf5 37. a4 Rf6 38. Qd7+ Kg6 39. Qxa7 Rf2+
40. Kd3 Rd2+ 41. Kc4 Rd6 42. Qc7 Re6 43. Qd7 Kf6 44. Qd4+ Kf7 45. Qd7+ Re7 46.
Qf5+ Kg8 47. Qc8+ Kh7 48. Qf5+ g6 49. Qf1 e2 50. Qe1 Bd2 51. Qxd2 e1=Q 0-1

[Event "chess.com SpeedChess 2022"]
[Site "chess.com INT"]
[Date "2022.12.09"]
[Round "2.31"]
[White "Nihal, Sarin"]
[Black "Ding, Liren"]
[Result "1-0"]
[WhiteTitle "GM"]
[BlackTitle "GM"]
[WhiteElo "2670"]
[BlackElo "2811"]
[WhiteFideId "25092340"]
[BlackFideId "8603677"]
[EventDate "2022.11.23"]
[EventType "k.o."]

1. d4 Nf6 2. Nf3 d5 3. c3 e6 4. Bf4 Bd6 5. e3 O-O 6. Nbd2 c5 7. Bd3 Bxf4 8. exf4
Qc7 9. g3 cxd4 10. Nxd4 e5 11. fxe5 Qxe5+ 12. Qe2 Qc7 13. O-O Bg4 14. f3 Bh3 15.
Rfe1 Nc6 16. N2b3 a5 17. a4 Rae8 18. Qf2 Ne5 19. Bb5 Re7 20. Re3 Nc4 21. Rxe7
Qxe7 22. Re1 Qc7 23. Bxc4 dxc4 24. Nb5 Qd8 25. N3d4 Re8 26. Rxe8+ Qxe8 27. Qe2
Qxe2 28. Nxe2 Bd7 29. Ned4 Kf8 30. Nd6 b6 31. Nxc4 Nd5 32. Nb5 Ke7 33. Kf2 Bf5
34. Nd4 Bd7 35. Nb5 Bf5 36. Nca3 Bd3 37. Nd4 Kd6 38. Nab5+ Kc5 39. Na3 h5 40.
Ke1 g5 41. Kd2 Bf1 42. Nac2 h4 43. Ne3 Bh3 44. Nxd5 Kxd5 45. Kd3 Bd7 46. b3 f6
47. f4 hxg3 48. hxg3 gxf4 49. gxf4 Be8 50. c4+ Kc5 51. Kc3 Bd7 52. Nc2 Bf5 53.
Ne1 Be6 54. Nd3+ Kd6 55. Kd4 Kc6 56. Nf2 Kd6 57. Ne4+ Ke7 58. Nc3 1-0

[Event "chess.com SpeedChess 2022"]
[Site "chess.com INT"]
[Date "2022.12.09"]
[Round "2.32"]
[White "Ding, Liren"]
[Black "Nihal, Sarin"]
[Result "0-1"]
[WhiteTitle "GM"]
[BlackTitle "GM"]
[WhiteElo "2811"]
[BlackElo "2670"]
[WhiteFideId "8603677"]
[BlackFideId "25092340"]
[EventDate "2022.11.23"]
[EventType "k.o."]

1. d4 d5 2. c4 e6 3. Nc3 h6 4. Nf3 Nf6 5. e3 Nbd7 6. b3 Be7 7. Bb2 O-O 8. Bd3 b6
9. O-O Bb7 10. Qe2 c5 11. cxd5 Nxd5 12. Nxd5 Bxd5 13. Rfd1 Rc8 14. Ba6 Rc7 15.
e4 Ba8 16. Bc4 Qc8 17. d5 exd5 18. exd5 Bd6 19. Re1 Qd8 20. Qe4 Nf6 21. Qf5 Qd7
22. Qd3 Qd8 23. Nh4 Bb7 24. Nf5 Rd7 25. Qf3 Nxd5 26. Bxg7 Nf4 27. Qg4 h5 28.
Nh6+ Kh7 29. Bd3+ Nxd3 30. Qxh5 Nf4 31. Qg4 f5 32. Nxf5 Rxf5 33. Qxf5+ Kxg7 34.
Rad1 Rf7 35. Qg4+ Kf8 36. g3 Qf6 37. Re3 Nh3+ 0-1

[Event "chess.com SpeedChess 2022"]
[Site "chess.com INT"]
[Date "2022.12.09"]
[Round "2.33"]
[White "Nihal, Sarin"]
[Black "Ding, Liren"]
[Result "1/2-1/2"]
[WhiteTitle "GM"]
[BlackTitle "GM"]
[WhiteElo "2670"]
[BlackElo "2811"]
[WhiteFideId "25092340"]
[BlackFideId "8603677"]
[EventDate "2022.11.23"]
[EventType "k.o."]

1. d4 Nf6 2. Nf3 d5 3. c3 e6 4. Bf4 Bd6 5. e3 O-O 6. Bg3 c5 7. Nbd2 Qc7 8. dxc5
Qxc5 9. Bd3 Nbd7 10. e4 e5 11. Qe2 dxe4 12. Nxe4 Nxe4 13. Bxe4 Nf6 14. Rd1 Nxe4
15. Qxe4 f6 16. O-O Bc7 17. Rfe1 Qc6 18. Qxc6 bxc6 19. Nd4 Rb8 20. b4 Rb6 21.
Nb3 Kf7 22. f3 Rd8 23. Bf2 Ra6 24. Rxd8 Bxd8 25. Rd1 Bc7 26. Rd2 Be6 27. Be3 Ra3
28. Kf2 a5 29. bxa5 Bxa5 30. Nxa5 Rxa5 31. Bb6 Ra6 32. Bc5 Rxa2 33. Rxa2 Bxa2
34. g3 Ke6 35. f4 exf4 36. gxf4 Kf5 37. Kg3 g5 38. fxg5 fxg5 39. Be3 Bd5 40. h4
Bc4 41. Bxg5 Bd5 42. Bh6 Bc4 43. Bg7 Bd5 44. Bf8 Bc4 45. Be7 Bd5 46. Bd8 Bc4 47.
Bc7 Bd5 48. Bb6 Bc4 49. Ba5 Bd5 50. Bb4 h5 51. Ba5 Bc4 52. Bd8 Bd5 53. Bg5 Bc4
54. Kf2 Bd5 55. Ke3 Bc4 56. Kd4 Bd5 57. Kc5 Bf3 58. Kd4 Bg2 59. Ke3 Bh1 60. Kf2
Be4 61. Ke2 Bd5 62. Ke3 Be4 63. Kd4 Bh1 64. Kc5 Bg2 65. Kd6 Bh1 66. Ke7 Bg2 67.
Kf7 Bh1 68. Kg7 Kg4 69. Kh6 Bg2 70. Kg6 Bh1 71. Kf6 Bg2 72. Ke5 Bh1 73. Kd4 Bg2
74. Ke3 Bh1 75. Kd2 Bd5 76. Kd3 Bh1 77. Kd4 Bf3 78. Ke3 Bh1 79. c4 Bf3 80. Kd4
Bh1 81. Ke3 Bf3 82. Kf2 Be4 83. Ke3 Bg6 84. Kd2 Bf7 85. Kc3 Kf5 86. Kb4 Ke4 87.
Kc3 Be6 88. Be7 Bf7 89. Kb4 Kd3 90. c5 Bd5 91. Bd6 Ke4 92. Ka5 Kf5 93. Kb6 Kg4
94. Be7 Kf5 95. Bg5 Kg4 96. Bd8 Kf5 97. Bg5 Kg4 98. Bd8 Kf5 99. Bg5 1/2-1/2

[Event "chess.com SpeedChess 2022"]
[Site "chess.com INT"]
[Date "2022.12.09"]
[Round "2.34"]
[White "Ding, Liren"]
[Black "Nihal, Sarin"]
[Result "1-0"]
[WhiteTitle "GM"]
[BlackTitle "GM"]
[WhiteElo "2811"]
[BlackElo "2670"]
[WhiteFideId "8603677"]
[BlackFideId "25092340"]
[EventDate "2022.11.23"]
[EventType "k.o."]

1. e4 e5 2. Nf3 Nc6 3. Bb5 a6 4. Ba4 Nf6 5. O-O Be7 6. d3 b5 7. Bb3 d6 8. a4 Bd7
9. c3 O-O 10. Bc2 Rb8 11. Re1 b4 12. a5 Re8 13. Nbd2 bxc3 14. bxc3 d5 15. exd5
Nxd5 16. Ne4 h6 17. Bd2 Nf6 18. Qe2 Rb5 19. Nxf6+ Bxf6 20. Qe4 Rb2 21. d4 g6 22.
Ba4 exd4 23. Qd5 dxc3 24. Bxc6 Bxc6 25. Qxc6 Rxe1+ 26. Bxe1 c2 27. Rc1 Qd3 28.
h3 Rb1 29. Qxc2 Qxc2 30. Rxc2 Ra1 31. Kf1 Be7 32. Ke2 c5 33. Rb2 c4 34. Rb6 Ra2+
35. Kd1 Ra1+ 36. Kc2 Ra2+ 37. Kb1 Ra4 38. Rxa6 Bc5 39. Rc6 Ba7 40. a6 Kg7 41.
Bc3+ Kf8 42. Ne5 Bxf2 43. Nxc4 Ke8 44. Kb2 Kd7 45. Ne5+ Ke7 46. Kb3 Re4 47. Nd3
Bg1 48. Nc5 Re2 49. a7 Bxc5 50. Rxc5 Rxg2 51. a8=Q Rg3 52. Qb7+ Ke6 53. Re5+ Kd6
54. Qe7+ Kc6 55. Rc5+ Kb6 56. Qc7+ 1-0

[Event "chess.com SpeedChess 2022"]
[Site "chess.com INT"]
[Date "2022.12.09"]
[Round "2.35"]
[White "Nihal, Sarin"]
[Black "Ding, Liren"]
[Result "1-0"]
[WhiteTitle "GM"]
[BlackTitle "GM"]
[WhiteElo "2670"]
[BlackElo "2811"]
[WhiteFideId "25092340"]
[BlackFideId "8603677"]
[EventDate "2022.11.23"]
[EventType "k.o."]

1. d4 Nf6 2. Nf3 e6 3. Bf4 b6 4. e3 Be7 5. Nbd2 O-O 6. Bd3 c5 7. O-O cxd4 8.
exd4 Ba6 9. Bxa6 Nxa6 10. c3 Nc7 11. Re1 Ncd5 12. Bg3 b5 13. Ne5 Qb6 14. h3 d6
15. Nd3 Rfc8 16. Rc1 h6 17. Qb3 Rc6 18. Rc2 Rac8 19. Rec1 a5 20. a4 b4 21. c4
Nc7 22. c5 dxc5 23. Ne5 Ncd5 24. Ndc4 Qa6 25. Nxc6 Rxc6 26. Ne5 1-0

[Event "chess.com SpeedChess 2022"]
[Site "chess.com INT"]
[Date "2022.12.09"]
[Round "2.36"]
[White "Ding, Liren"]
[Black "Nihal, Sarin"]
[Result "0-1"]
[WhiteTitle "GM"]
[BlackTitle "GM"]
[WhiteElo "2811"]
[BlackElo "2670"]
[WhiteFideId "8603677"]
[BlackFideId "25092340"]
[EventDate "2022.11.23"]
[EventType "k.o."]

1. e4 e5 2. Nf3 Nc6 3. Bc4 Bc5 4. O-O Nf6 5. d3 O-O 6. Nbd2 d6 7. c3 a6 8. a4
Re8 9. h3 h6 10. Re1 Be6 11. Bxe6 Rxe6 12. b4 Ba7 13. Qc2 Qd7 14. Rb1 Ne7 15.
Nf1 Ng6 16. Ng3 c6 17. c4 Rd8 18. Bb2 Ree8 19. d4 exd4 20. Nxd4 Bxd4 21. Bxd4
Qe6 22. Rbd1 Nd7 23. Nf5 f6 24. Re3 Nde5 25. Rg3 Kh7 26. h4 Rd7 27. h5 Nf4 28.
Be3 Nxh5 29. Rh3 Qxc4 30. Qxc4 Nxc4 31. Rxh5 Rxe4 32. Rd4 Rxd4 33. Nxd4 Nxe3 34.
fxe3 Re7 35. Kf2 g6 36. Rh1 Kg7 37. Kf3 f5 38. Rc1 Kf6 39. Rd1 h5 40. Ne2 Ke5
41. Nf4 Rg7 42. a5 h4 43. Rh1 g5 44. Nd3+ Ke6 45. Rc1 Rc7 46. Rc4 Rh7 47. Nf2
Kf6 48. Ke2 d5 49. Rc1 g4 50. Nd3 Kg5 51. Nf4 Re7 52. Kf2 Re4 53. Nd3 d4 54.
exd4 Rxd4 55. Rc3 f4 56. Rb3 Kf5 57. Nc5 Rd2+ 58. Kf1 f3 59. gxf3 g3 60. Ne4 Rc2 0-1

[Event "chess.com SpeedChess 2022"]
[Site "chess.com INT"]
[Date "2022.12.09"]
[Round "2.37"]
[White "Nihal, Sarin"]
[Black "Ding, Liren"]
[Result "1-0"]
[WhiteTitle "GM"]
[BlackTitle "GM"]
[WhiteElo "2670"]
[BlackElo "2811"]
[WhiteFideId "25092340"]
[BlackFideId "8603677"]
[EventDate "2022.11.23"]
[EventType "k.o."]

1. d4 Nf6 2. Nf3 g6 3. Nbd2 d5 4. b3 Bg7 5. Bb2 O-O 6. e3 b6 7. Be2 Bb7 8. O-O
Nbd7 9. c4 c5 10. Rc1 Rc8 11. h3 Rc7 12. cxd5 Nxd5 13. Bc4 e6 14. Qe2 Qe7 15.
Ne4 Rfc8 16. dxc5 Nxc5 17. Bxg7 Kxg7 18. Qb2+ f6 19. Nxc5 Rc6 20. Nxb7 1-0

[Event "chess.com SpeedChess 2022"]
[Site "chess.com INT"]
[Date "2022.12.09"]
[Round "2.38"]
[White "Ding, Liren"]
[Black "Nihal, Sarin"]
[Result "0-1"]
[WhiteTitle "GM"]
[BlackTitle "GM"]
[WhiteElo "2811"]
[BlackElo "2670"]
[WhiteFideId "8603677"]
[BlackFideId "25092340"]
[EventDate "2022.11.23"]
[EventType "k.o."]

1. e4 e5 2. Nf3 Nc6 3. Bc4 Nf6 4. d3 Be7 5. O-O O-O 6. Re1 d6 7. a4 Na5 8. Ba2
c5 9. Nc3 Be6 10. Bg5 Nc6 11. Bxf6 Bxf6 12. Nd5 g6 13. c3 Bg7 14. Qd2 Rc8 15.
Qg5 h6 16. Qxd8 Rfxd8 17. Nd2 Kf8 18. Nf1 h5 19. Nfe3 Bh6 20. h4 Bxe3 21. Nxe3
Bxa2 22. Rxa2 Ne7 23. Kf1 f6 24. Raa1 d5 25. exd5 Nxd5 26. Nxd5 Rxd5 27. Re3
Rcd8 28. Ke2 c4 29. dxc4 Rd2+ 30. Ke1 Rxb2 31. Re2 Rb3 0-1

[Event "chess.com SpeedChess 2022"]
[Site "chess.com INT"]
[Date "2022.12.09"]
[Round "2.39"]
[White "Nihal, Sarin"]
[Black "Ding, Liren"]
[Result "1-0"]
[WhiteTitle "GM"]
[BlackTitle "GM"]
[WhiteElo "2670"]
[BlackElo "2811"]
[WhiteFideId "25092340"]
[BlackFideId "8603677"]
[EventDate "2022.11.23"]
[EventType "k.o."]

1. d4 Nf6 2. Nf3 e6 3. Bf4 c5 4. e3 Nc6 5. Nbd2 Be7 6. c3 Nh5 7. Bg3 O-O 8. Bd3
g6 9. O-O Nxg3 10. hxg3 d5 11. Qe2 Qb6 12. Rab1 Rd8 13. dxc5 Qxc5 14. e4 Bf6 15.
Rfe1 Qb6 16. exd5 exd5 17. Nb3 Bg4 18. Qe3 Qxe3 19. Rxe3 Rac8 20. Nfd4 Nxd4 21.
Nxd4 Kg7 22. f3 Bd7 23. Kf2 h5 24. Rd1 Rh8 25. Bc2 h4 26. gxh4 Bxh4+ 27. g3 Bg5
28. Re2 Rh3 29. Bb3 Rch8 30. Rg1 Rh2+ 31. Rg2 Rh1 32. Bxd5 Rb1 33. f4 Bf6 34.
Rg1 Rh2+ 35. Kf3 Rxe2 36. Rxb1 Rd2 37. Bxb7 Bxd4 38. cxd4 Rxd4 39. Ke3 Rb4 40.
Bd5 Bf5 41. Rc1 Rxb2 42. Rc7 Kh6 43. Rxf7 a5 44. Ra7 Rb5 45. Kd4 Rb4+ 46. Ke5
Ra4 47. Bg8 Kh5 48. Bb3 Ra3 49. Bd1+ Kh6 50. g4 Bxg4 51. Bxg4 Rxa2 52. Be6 Re2+
53. Kf6 Rf2 54. f5 gxf5 55. Bxf5 1-0

[Event "chess.com SpeedChess 2022"]
[Site "chess.com INT"]
[Date "2022.12.13"]
[Round "2.11"]
[White "Carlsen, Magnus"]
[Black "Caruana, Fabiano"]
[Result "1-0"]
[WhiteTitle "GM"]
[BlackTitle "GM"]
[WhiteElo "2859"]
[BlackElo "2766"]
[WhiteFideId "1503014"]
[BlackFideId "2020009"]
[EventDate "2022.11.23"]
[EventType "k.o."]

1. d4 Nf6 2. c4 e6 3. Nc3 Bb4 4. Qc2 O-O 5. a3 Bxc3+ 6. Qxc3 d5 7. cxd5 Ne4 8.
Qc2 exd5 9. Bf4 Nc6 10. e3 Re8 11. Nf3 g5 12. Bg3 h5 13. Bd3 h4 14. Be5 Bf5 15.
h3 Nxe5 16. dxe5 Qe7 17. b4 Rac8 18. O-O Bg6 19. Rac1 c6 20. Rfe1 b6 21. Nh2
Qxe5 22. f3 Ng3 23. Bxg6 fxg6 24. Qxg6+ Qg7 25. Rxc6 Qxg6 26. Rxg6+ Kf7 27. Rxg5
d4 28. Ng4 Rc3 29. e4 Rd8 30. e5 Rc6 31. f4 d3 32. f5 d2 33. e6+ Ke7 34. Rg7+
Kd6 35. Rd1 Rc1 36. Ne3 Ke5 37. Rd7 Rdc8 38. Rxd2 Ke4 39. Kf2 Nxf5 40. Rxc1 Rxc1
41. Nxf5 Kxf5 42. e7 Rc8 43. Rd8 1-0

[Event "chess.com SpeedChess 2022"]
[Site "chess.com INT"]
[Date "2022.12.13"]
[Round "2.12"]
[White "Caruana, Fabiano"]
[Black "Carlsen, Magnus"]
[Result "0-1"]
[WhiteTitle "GM"]
[BlackTitle "GM"]
[WhiteElo "2766"]
[BlackElo "2859"]
[WhiteFideId "2020009"]
[BlackFideId "1503014"]
[EventDate "2022.11.23"]
[EventType "k.o."]

1. e4 e5 2. Nf3 Nc6 3. Bb5 a6 4. Ba4 Nf6 5. O-O Be7 6. Re1 b5 7. Bb3 O-O 8. a4
Rb8 9. c3 b4 10. d4 d6 11. h3 bxc3 12. bxc3 exd4 13. cxd4 d5 14. exd5 Nxd5 15.
Bc4 Bf5 16. Bd2 Bf6 17. Nc3 Nb6 18. Bxa6 Nxd4 19. Nxd4 Qxd4 20. Qe2 Rfd8 21.
Rad1 Nxa4 22. Nxa4 Qxa4 23. Be3 h6 24. Rxd8+ Rxd8 25. Bc4 Qd7 26. Rc1 Qe7 27.
Qh5 Bd3 28. Bxd3 Rxd3 29. Bf4 Bg5 30. Bxg5 hxg5 31. Qg4 Qd8 32. g3 g6 33. Qe2
Qd5 34. Kh2 Kg7 35. Qb2+ Kh7 36. Qe2 Rd2 37. Qe3 Rd3 38. Qe2 c6 39. Ra1 c5 40.
Rc1 c4 41. Rc2 Rd1 42. f3 Rd3 43. Kg2 c3 44. Qe7 Rd2+ 0-1

[Event "chess.com SpeedChess 2022"]
[Site "chess.com INT"]
[Date "2022.12.13"]
[Round "2.13"]
[White "Carlsen, Magnus"]
[Black "Caruana, Fabiano"]
[Result "1/2-1/2"]
[WhiteTitle "GM"]
[BlackTitle "GM"]
[WhiteElo "2859"]
[BlackElo "2766"]
[WhiteFideId "1503014"]
[BlackFideId "2020009"]
[EventDate "2022.11.23"]
[EventType "k.o."]

1. d4 Nf6 2. c4 e6 3. Nf3 d5 4. g3 Be7 5. Bg2 O-O 6. O-O dxc4 7. Qc2 b5 8. a4
Bb7 9. axb5 a6 10. bxa6 Nxa6 11. Qxc4 Bd5 12. Qc3 Ne4 13. Qe1 c5 14. Nc3 Nxc3
15. bxc3 cxd4 16. cxd4 Nb4 17. Rxa8 Qxa8 18. Bg5 Bxg5 19. Qxb4 Bf6 20. Ne1 Bxg2
21. Nxg2 Qe4 22. e3 e5 23. f3 Qd3 24. dxe5 Bxe5 25. Qb1 Qd5 26. f4 Bf6 27. e4
Qc5+ 28. Kh1 h5 29. e5 Be7 30. Qe4 Rd8 31. f5 Rd4 32. Qa8+ Kh7 33. e6 fxe6 34.
fxe6 h4 35. Qf3 hxg3 36. hxg3 Qg5 37. Qf5+ Qxf5 38. Rxf5 Re4 39. Nf4 Bd6 40. Kg2
Bxf4 41. gxf4 Rxe6 42. Kf3 Kg6 43. Rg5+ Kf7 44. Re5 Rxe5 45. fxe5 Ke6 46. Kf4
g5+ 47. Kxg5 Kxe5 1/2-1/2

[Event "chess.com SpeedChess 2022"]
[Site "chess.com INT"]
[Date "2022.12.13"]
[Round "2.14"]
[White "Caruana, Fabiano"]
[Black "Carlsen, Magnus"]
[Result "1/2-1/2"]
[WhiteTitle "GM"]
[BlackTitle "GM"]
[WhiteElo "2766"]
[BlackElo "2859"]
[WhiteFideId "2020009"]
[BlackFideId "1503014"]
[EventDate "2022.11.23"]
[EventType "k.o."]

1. d4 Nf6 2. c4 e6 3. Nc3 Bb4 4. e3 O-O 5. a3 Bxc3+ 6. bxc3 d6 7. f3 Nh5 8. Nh3
f5 9. Bd3 c5 10. O-O Nc6 11. e4 f4 12. e5 dxe5 13. dxc5 Qe7 14. Kh1 Bd7 15. a4
Rad8 16. Qc2 Nf6 17. Ng5 h6 18. Ne4 Be8 19. Nd6 b6 20. Nxe8 Qxe8 21. cxb6 axb6
22. Ba3 e4 23. Bxe4 Nxe4 24. Qxe4 Rf5 25. Rab1 Re5 26. Qxf4 Re2 27. Rxb6 Rdd2
28. Rg1 Ne5 29. Bc5 Nd3 30. Rb8 Nxf4 31. Rxe8+ Kh7 32. Bd4 Nd3 33. f4 Ra2 34.
Re7 Nf2+ 35. Bxf2 Rxf2 36. Rxe6 Rxf4 37. Rc6 Rff2 38. c5 Rfc2 39. h3 Rxc3 40.
Rc7 Rcc2 41. c6 Rxa4 42. Rc8 Rac4 43. c7 Rxc7 44. Rxc7 Rxc7 45. Kh2 g5 46. Rh1
Kg6 47. Rg1 Rf7 48. Rh1 h5 49. Rg1 h4 50. Re1 Rf5 51. Re3 Kf6 52. Kg1 Re5 53.
Rxe5 Kxe5 54. Kf2 Kf4 55. Kf1 g4 56. hxg4 Kxg4 57. Kg1 h3 58. gxh3+ Kxh3 1/2-1/2

[Event "chess.com SpeedChess 2022"]
[Site "chess.com INT"]
[Date "2022.12.13"]
[Round "2.15"]
[White "Carlsen, Magnus"]
[Black "Caruana, Fabiano"]
[Result "1/2-1/2"]
[WhiteTitle "GM"]
[BlackTitle "GM"]
[WhiteElo "2859"]
[BlackElo "2766"]
[WhiteFideId "1503014"]
[BlackFideId "2020009"]
[EventDate "2022.11.23"]
[EventType "k.o."]

1. e4 e5 2. Nf3 Nf6 3. Nxe5 d6 4. Nf3 Nxe4 5. d4 d5 6. Bd3 Bf5 7. Nbd2 Be7 8.
Nf1 O-O 9. Ne3 Bg6 10. O-O c6 11. c4 dxc4 12. Nxc4 Nd7 13. Re1 Nef6 14. Bxg6
hxg6 15. Bg5 Re8 16. Qb3 Nb6 17. Na5 Qc7 18. g3 Nbd5 19. Nc4 Bf8 20. Bxf6 gxf6
21. Ne3 Red8 22. Nxd5 Rxd5 23. Re3 Rad8 24. Rae1 Kg7 25. Kg2 c5 26. dxc5 Bxc5
27. Rc3 Qd7 28. Re2 b6 29. Qc4 Qf5 30. Qe4 Qxe4 31. Rxe4 f5 32. Re2 Kf6 33. h4
a5 34. a4 Rd3 35. Rec2 Rxc3 36. Rxc3 Rd1 37. b3 Ke6 38. Ng5+ Ke7 39. Nh3 Rd2 40.
Kf3 f6 41. Kg2 g5 42. hxg5 fxg5 43. Nxg5 Rxf2+ 44. Kh3 Kf6 45. Nf3 Ke6 46. Rd3
Re2 47. g4 fxg4+ 48. Kxg4 Re4+ 49. Kg3 Rb4 50. Nd2 Ke5 51. Kf3 Rf4+ 52. Ke2 Rg4
53. Nc4+ Ke6 54. Kd2 Rg2+ 55. Kd1 Rh2 56. Rd2 Rxd2+ 57. Kxd2 Kd5 58. Kd3 Kc6 59.
Ne5+ Kd5 60. Nd7 Kc6 61. Nxc5 Kxc5 62. Kc3 b5 63. axb5 Kxb5 64. Kb2 a4 65. Ka3
axb3 66. Kxb3 1/2-1/2

[Event "chess.com SpeedChess 2022"]
[Site "chess.com INT"]
[Date "2022.12.13"]
[Round "2.16"]
[White "Caruana, Fabiano"]
[Black "Carlsen, Magnus"]
[Result "0-1"]
[WhiteTitle "GM"]
[BlackTitle "GM"]
[WhiteElo "2766"]
[BlackElo "2859"]
[WhiteFideId "2020009"]
[BlackFideId "1503014"]
[EventDate "2022.11.23"]
[EventType "k.o."]

1. d4 d5 2. c4 e6 3. Nc3 c5 4. e3 Nf6 5. Nf3 a6 6. cxd5 exd5 7. Bd3 Nc6 8. O-O
Be6 9. dxc5 Bxc5 10. b3 O-O 11. Bb2 Qe7 12. Ne2 Ba3 13. Bxa3 Qxa3 14. Qc1 Qxc1
15. Raxc1 Bg4 16. Ned4 Nxd4 17. Nxd4 Rfc8 18. f3 Rxc1 19. Rxc1 Rc8 20. Rxc8+
Bxc8 21. b4 Ne8 22. a4 Kf8 23. h4 h6 24. h5 Ke7 25. Kf2 Bd7 26. a5 Nc7 27. g4
Kf6 28. e4 dxe4 29. Bxe4 Ke5 30. Nc2 Nd5 31. Ne3 Nxb4 32. Bxb7 Bc6 33. Bc8 Nd3+
34. Kg3 Nc5 35. f4+ Kf6 36. g5+ Ke7 37. gxh6 gxh6 38. Ng4 Bb7 39. Bf5 Nb3 40.
Nxh6 Nxa5 41. Ng4 Nc4 42. h6 Kf8 43. Nf6 Nd6 44. Bc2 a5 45. Kg4 Bc6 46. Kg5 a4
47. h7 Kg7 48. Nh5+ Kh8 49. Bb1 Be4 50. Ba2 Bc2 51. Kf6 Bb3 52. Bb1 a3 53. Ke7
Ne4 54. f5 Nc3 55. Bd3 a2 0-1

[Event "chess.com SpeedChess 2022"]
[Site "chess.com INT"]
[Date "2022.12.13"]
[Round "2.17"]
[White "Carlsen, Magnus"]
[Black "Caruana, Fabiano"]
[Result "1-0"]
[WhiteTitle "GM"]
[BlackTitle "GM"]
[WhiteElo "2859"]
[BlackElo "2766"]
[WhiteFideId "1503014"]
[BlackFideId "2020009"]
[EventDate "2022.11.23"]
[EventType "k.o."]

1. e4 e5 2. Nf3 Nf6 3. Nxe5 d6 4. Nf3 Nxe4 5. d4 d5 6. Bd3 Bf5 7. O-O Be7 8. Re1
O-O 9. Nbd2 Nd6 10. Nf1 c6 11. Bf4 Bxd3 12. Qxd3 Na6 13. Ne3 Nc7 14. Bxd6 Bxd6
15. g3 Re8 16. Kg2 Bf8 17. Re2 Ne6 18. Rae1 Ng5 19. Nxg5 Qxg5 20. h4 Qg6 21. Nf5
Rxe2 22. Rxe2 Qf6 23. h5 g6 24. Nh4 Bd6 25. Qe3 gxh5 26. Qd3 Kh8 27. Qf5 Qxf5
28. Nxf5 Bf8 29. Kh3 a5 30. Kh4 a4 31. Kxh5 Kg8 32. Kg5 c5 33. dxc5 Bxc5 34. Rd2
Rd8 35. c3 Kf8 36. f4 Rd7 37. Kg4 f6 38. b4 Bb6 39. c4 d4 40. c5 Bc7 41. Rxd4
Ke8 42. b5 1-0